000 00827nam a2200205Ii 4500
003 JO-AjNU
008 230605s9999||||xx |||||||||||||| ||und||
040 _aJO-AjNU
_bara
_erda
_cJO-AjNU
041 _aara
050 1 4 _aLC4705.H4612 2006
100 3 _aRamsey,Robert S مؤلف/Henley,Martin م.مؤلف/Algozzine,Robert Fمشارك/ F. السرطاوي،زيدان أحمد مترجم,
_eauthor
_922474
245 0 0 _aتدريس الطلبة ذوي الإعاقات البسيطة = Teaching Students With Mild Disabilites
250 _aط1
264 3 1 _aالعين:دار الكتاب الجامعي،2006
300 _a310ص
336 _atext
_btxt
_2rdacontent
337 _aunmediated
_bn
_2rdamedia
338 _avolume
_bnc
_2rdacarrier
650 4 _aالتعليم الخاص-المعوقون-تعليم
_922475
999 _aA7983
_c11551
_d11551